000 00481cam a2200157 4500500
005 20251012032528.0
041 _afre
042 _adc
100 1 0 _aAparicio, Antonio
_eauthor
700 1 0 _a Sesé, Bernard
_eauthor
245 0 0 _aFragancia del limonar/Parfum du citronnier
260 _c2003.
500 _a11
786 0 _nSigila | 12 | 2 | 2003-12-20 | p. 62-63 | 1286-1715
856 4 1 _uhttps://shs.cairn.info/revue-sigila-2003-2-page-62?lang=fr&redirect-ssocas=7080
999 _c1547539
_d1547539